Normal view
MARC view
- Canfield J; Hansen M V; Aubery P & Mitchell N
Entry Personal Name
001 - CONTROL NUMBER
- control field: 108371
003 - CONTROL NUMBER IDENTIFIER
- control field: OSt
005 - DATE AND TIME OF LATEST TRANSACTION
- control field: 20230125043313.0
008 - FIXED-LENGTH DATA ELEMENTS
- fixed length control field: 230125|| aca||aabn | a|a d
040 ## - CATALOGING SOURCE
- Original cataloging agency: OSt
- Transcribing agency: OSt
100 ## - HEADING--PERSONAL NAME
- Personal name: Canfield J; Hansen M V; Aubery P & Mitchell N
670 ## - SOURCE DATA FOUND
- Source citation: Work cat.: (OSt)85206: Canfield J, Chicken Soup for The Surviving Soul, 2000